| 000 -LEADER |
| fixed length control field |
00738pam a2200217 a 4500 |
| 001 - CONTROL NUMBER |
| control field |
591 |
| 003 - CONTROL NUMBER IDENTIFIER |
| control field |
BD-DhUAP |
| 005 - DATE AND TIME OF LATEST TRANSACTION |
| control field |
20201111151125.0 |
| 008 - FIXED-LENGTH DATA ELEMENTS--GENERAL INFORMATION |
| fixed length control field |
201111s1993 nyua b 001 0 eng |
| 020 ## - INTERNATIONAL STANDARD BOOK NUMBER |
| International Standard Book Number |
9810214758 |
| 040 ## - CATALOGING SOURCE |
| Original cataloging agency |
DLC |
| Transcribing agency |
DLC |
| Modifying agency |
BD-DhUAP |
| Language of cataloging |
Eng |
| 082 00 - DEWEY DECIMAL CLASSIFICATION NUMBER |
| Classification number |
530.120151255 PRO |
| Edition number |
23 |
| 245 ## - TITLE STATEMENT |
| Title |
Poceedings of the International workshop on Mathematical Physics quantum symmetries : |
| Remainder of title |
Arnold Sommerfeld Institute, Clausthal, 15-20 July 1991 / |
| Statement of responsibility, etc. |
H. D. Doebner and V. K. Dobrev. |
| 260 ## - PUBLICATION, DISTRIBUTION, ETC. |
| Place of publication, distribution, etc. |
Singapore : |
| Name of publisher, distributor, etc. |
World scientific, |
| Date of publication, distribution, etc. |
c1993. |
| 300 ## - PHYSICAL DESCRIPTION |
| Extent |
xi, 379 pages : |
| Other physical details |
illustrations ; |
| Dimensions |
23 cm. |
| 650 ## - SUBJECT ADDED ENTRY--TOPICAL TERM |
| Topical term or geographic name entry element |
Quantum groups |
| 650 ## - SUBJECT ADDED ENTRY--TOPICAL TERM |
| Topical term or geographic name entry element |
Symmetry (Physics). |
| 700 ## - ADDED ENTRY--PERSONAL NAME |
| Personal name |
Doebner, H. D. |
| 700 ## - ADDED ENTRY--PERSONAL NAME |
| Personal name |
Dobrev, V. K. |
| 942 ## - ADDED ENTRY ELEMENTS (KOHA) |
| Source of classification or shelving scheme |
|
| Koha item type |
Book |